Innovation management and new product development /

Salvato in:
Dettagli Bibliografici
Autore principale: Trott, Paul
Natura: Libro
Edizione:Sixth Edition.
Soggetti:
Tags: Aggiungi Tag
Nessun Tag, puoi essere il primo ad aggiungerne!!

MARC

LEADER 00000cam a2200000 i 4500
020 |a 9781292133423 (Print0  |c TZS 130,500 
040 |a MUL  |b eng  |e AACR 
082 0 0 |a 658.757 TRO 
100 1 |a Trott, Paul, 
245 1 0 |a Innovation management and new product development /  |c Paul Trott 
250 |a Sixth Edition. 
300 |a xxix, 635 pages ;  |c 25 cm 
500 |a Revised edition of the author's Innovation management and new product development, 2012. 
650 0 |a Technological innovations 
650 0 |a Industrial management. 
650 0 |a Product management. 
942 |c BK 
999 |c 5834  |d 5834